Match the random country with their capital (Oceania) - Statistics

General Stats
  • This quiz has been taken 52 times
  • The average score is 6 of 10
Answer Stats
Hint Answer % Correct
Australia Canberra
100%
New Zealand Wellington
97%
Fiji Suva
86%
Samoa Apia
82%
East Timor Dili
77%
Vanuatu Port Vila
74%
Solomon Islands Honiara
70%
Nauru Yaren
70%
Tonga Nuku'alofa
68%
Tuvalu Funafuti
61%
Marshall Islands Majuro
53%
Federated States of Micronesia Palikir
53%
Palau Melekeok
4%
Kiribati Tarawa Atoll
0%
No matching quizzes found
Score Distribution
Percent of People with Each Score
Percentile by Number Answered
Your Score History
You have not taken this quiz